BIBLIOTECA

SENCICO

Decoración de interiores / (Registro nro. 9848)

Detalles MARC
000 -LEADER
Campo de control de longitud fija 00981nam a22002897a 4500
003 - IDENTIFICADOR DEL NÚMERO DE CONTROL
Campo de control PE SENCICO BE
005 - FECHA Y HORA DE LA ÚLTIMA TRANSACCIÓN
Campo de control 20260306154814.0
008 - ELEMENTOS DE LONGITUD FIJA - INFORMACIÓN GENERAL
Campo de control de longitud fija 260217b |||||||| |||| 00| 0 eng d
020 ## - ISBN
ISBN 978-612-4058-00-4
040 ## - FUENTE DE CATALOGACIÓN
Origen de catalogación PE SENCICO BE
Agencia que realiza la transcripción PE SENCICO BE
041 ## - CÓDIGO DE IDIOMA
Idioma del texto spa
082 ## - NÚMERO DE CLASIFICACIÓN DECIMAL DEWEY
Código de Clasificación Dewey 747
Notación Interna L7
100 1# - ASIENTO PRINCIPAL--NOMBRE PERSONAL
Autor Personal Llorella Oriol, Anja
9 (RLIN) 240
Término relacionado autor
245 1# - MENCIÓN DEL TITULO
Título Decoración de interiores /
Mención de responsabilidad Anja Llorella Oriol
250 ## - MENCIÓN DE EDICIÓN
Edición 1a ed.
260 ## - PUBLICACIÓN, DISTRIBUCIÓN, ETC. (PIE DE IMPRENTA)
Lugar de publicación, distribución, etc. Barcelona :
Nombre de la Editorial, Distribuidor, etc. Lexus editores ;
Fecha de publicación, distribución, etc. 2010
300 ## - DESCRIPCIÓN FÍSICA
Paginación 198 páginas :
Otros detalles físicos fotografías ;
Dimensión 33 cm.
505 0# - NOTA DE CONTENIDO CON FORMATO PREESTABLECIDOE
Contenido o índice Modelos de casas con diseños creativos
520 3# - NOTA DE RESUMEN, ETC.
Resumen, etc. Presenta diseños de interior innovadores, avanzada tecnología en materia de construcción
650 10 - ASIENTO SECUNDARIO DE MATERIA - TERMINO TEMÁTICO
Término de tema o elemento de entrada de nombre geográfico Decoración de interiores
9 (RLIN) 398
650 20 - ASIENTO SECUNDARIO DE MATERIA - TERMINO TEMÁTICO
Término de tema o elemento de entrada de nombre geográfico Distribución de espacios (viviendas)
9 (RLIN) 395
650 20 - ASIENTO SECUNDARIO DE MATERIA - TERMINO TEMÁTICO
Término de tema o elemento de entrada de nombre geográfico Muebles
9 (RLIN) 7
700 1# - ASIENTO SECUNDARIO--NOMBRE PERSONAL
Títulos u otras palabras asociadas con el nombre Collin, Katherine
9 (RLIN) 241
Término de relación coordinadora
700 1# - ASIENTO SECUNDARIO--NOMBRE PERSONAL
Autor Personal Peco, Ana
9 (RLIN) 242
Término de relación traductora
910 ## - RESPONSABLE DEL REGISTRO
Coordinador de procesamiento de la información hfp
942 ## - ELEMENTOS DE KOHA
Fuente de clasificación o esquema de estanterías Dewey Decimal Classification
Tipo de documento Libros
999 ## -
-- 9848
-- 9848
Existencias
Estado Retiro Estado Perdido Sistema de Clasificación o Esquema de Estantería Estado Dañado No es para préstamo Ubicación Permanente Ubicación Actual Fecha de adquisición Total Checkouts Signatura topográfica completa Código de Barras Date last seen Precio efectivo desde Tipo de ítem
    Dewey Decimal Classification     Biblioteca Piura Biblioteca Piura 17/02/2026   747/L7 BibZpiur26022661 17/02/2026 17/02/2026 Libros